000 00590nam a2200181 i 4500
001 78049
003 ES-MaACL
007 t|
008 041011s1933 fr ||||1| fre d
100 0 _aHarris, Frank,
_d1855-1931
_961912
245 1 0 _aMa vie et mes amours /
_cpar Frank Harris ; traduit de l'anglais par Madeleine Vernon et Henry D. Davray.
260 _aParis :
_b[s.n.,
_c1933] (
_eLagny :
_fE. Grevin)
300 _a3 v. ;
_c19 cm.
700 1 _aVernon, Madeleine.
_9114185
700 1 _aDavray, Henry D.
_942995
852 _aES-MaACL
_jB-8699-701
999 _c78049
_d78049